000 04854nam a22005051 4500
005 20050808122104.0
008 721219s1962 nyu 000 0 eng
010 _aB-348767-786
020 _a9788179928394
_c275.00
035 _aB-348767-786
037 _bUBH
040 _adpl
_bEnglish
082 _a280.59
100 _aWilkes, C. Gene
245 _aJesus on leadership /
_bby C. Gene Wilkes
260 _aMumbai
_bJaico Publishing House
_c2008
270 _aA-2,Jash Chambers,Sir Phirozshah Road
_bMumbai
_k23274151
_mjaicopub@vsnl.com
_e400 001
300 _axiii, 251 p.
_c22cm(pbk)
500 _aincludes bibliographical references
600 _aRekha Sinha
600 _aJesus Christ
_xLeadership.
650 _2Leadership
_xReligious aspects
_yChristianity
942 _2ddc
_cEN
_mWIL
_h280.59
999 _c24325
_d24325